| 000 | 01425nam a2200325 i 4500 | ||
|---|---|---|---|
| 001 | 194132 | ||
| 003 | SpMaBN | ||
| 005 | 20250825062649.0 | ||
| 008 | 240411s2023 sp | |||| 000 spa | ||
| 015 | _aMON24 | ||
| 017 |
_aM 28633-2023 _bOficina Depósito Legal Madrid |
||
| 020 | _a9788419928115 | ||
| 040 |
_aSpMaBN _bspa _cSpMaBN _erda |
||
| 100 | 1 |
_aLucía Megías, José Manuel, _d1967- _eaut _9240291 |
|
| 245 |
_aInstantes : _bFotolibro poético / _cJosé Manuel Lucía Megías ; invitación de Zara Fernández de Moya |
||
| 260 |
_aMadrid : _bPigmalión, _c2023 |
||
| 300 |
_a219 páginas ; _b24 cm |
||
| 336 |
_aTexto _2rdacontent |
||
| 337 |
_asin mediación _2rdamedia |
||
| 338 |
_avolumen _2rdacarrier |
||
| 655 | 7 |
_2tgfbne _aLibros ilustrados _9193653 |
|
| 700 |
_aFernández de Moya, Zara _eaui _9238694 |
||
| 852 |
_aES-MaACL _bR.155119 _cDEPOJ _jN-9874 _xEncuadernación rústica con solapas _gDedicatoria autógrafa del autor _hDonación: José Manuel Lucía Megías. Ateneista _9205801 |
||
| 903 |
_aLucía Megías, José Manuel, _d1967- _ednr _9240291 |
||
| 942 |
_cMONOGRAFIA _n0 |
||
| 999 |
_c194132 _d194132 |
||